| 000 | 01102cam a22003015a 4500 | ||
|---|---|---|---|
| 001 | 14340052 | ||
| 005 | 20201128024309.0 | ||
| 008 | 060413t2007 njua frb 001 0 eng d | ||
| 020 | _a9780131963696 | ||
| 020 | _a0131963694 | ||
| 040 |
_aDLC _cDLC _dBAKER _dC#P _dDLC _dEG-ScBUE _beng |
||
| 082 | 0 | 4 |
_222 _a005.8 _bMAY |
| 100 | 1 |
_aMayer, Frank, _d1961- |
|
| 245 | 1 | 0 |
_aSELinux by example : _busing security enhanced Linux / _cFrank Mayer, Karl MacMillan, David Caplan. |
| 260 |
_aUpper Saddle River : _bPrentice Hall, _cc.2007. |
||
| 300 |
_axxvi, 425 p. : _bill. ; _c24 cm. |
||
| 490 | 0 | _aPrentice Hall open source software development series | |
| 504 | _aIncludes bibliographical references and index. | ||
| 630 | 0 | 7 | _aLinux. |
| 650 | 7 |
_aOperating systems (Computers) _2BUEsh _93050 |
|
| 650 | 7 |
_aComputer networks _xSecurity measures. _2BUEsh _92634 |
|
| 651 | _2BUEsh | ||
| 653 |
_bGGEN _bCOMSCI _cMarch2018 |
||
| 700 | 1 |
_aMacMillan, Karl, _d1975- |
|
| 700 | 1 |
_aCaplan, David, _d1963- _930930 |
|
| 856 | 4 | 1 |
_3Table of contents _uhttp://www.loc.gov/catdir/toc/ecip0612/2006012657.html |
| 942 | _2ddc | ||
| 999 |
_c26410 _d26382 |
||